000
00198 a2200097 4500
001
11346
100
_a
Wright, M
245
_a
Disarm and Ve
260
_a
_b
Chatto & Window
_c
090
_c
8895
_d
8895
942
_a
NUST-CAE
_c
M
_c
35705
999
_c
246419
_d
246419